书目信息 |
| 题名: |
机械制图习题集(非机类)
|
|
| 作者: | 唐树忠 主编 | |
| 分册: | ||
| 出版信息: | 天津 天津大学出版社 1994.03 |
|
| 页数: | 62页 | |
| 开本: | 8开 | |
| 丛书名: | ||
| 单 册: | ||
| 中图分类: | ||
| 科图分类: | ||
| 主题词: | 机械制图:计算机制图 | |
| 电子资源: | ||
| ISBN: | 7-5618-0010-X | |
| 000 | 00630nam0 2200217 45 | |
| 001 | 9911011501 | |
| 005 | 19991101151430.2 | |
| 010 | @a7-5618-0010-X@d16.00元 | |
| 100 | @a19991101d1994 km y0chiy0120 ea | |
| 101 | @achi | |
| 105 | @a z 000yy | |
| 200 | 1 | @a机械制图习题集(非机类)@AJi Xie Zhi Tu Xi Ti Ji(Fei Ji Lei)@f唐树忠等主编@FTang Shu Zhong Deng Zhu Bian |
| 205 | @a修订版 | |
| 210 | @a天津@c天津大学出版社@d1994.03 | |
| 215 | @a62页@d8开 | |
| 606 | 0 | @a机械制图:计算机制图 |
| 690 | @v3 | |
| 690 | @aTH126-44 | |
| 701 | @a唐树忠@4主编 | |
| 801 | @aCN@bPFTUser@c19991101 | |
| 905 | @f3@b41842-844@dTH126-44@eT977 | |
| 机械制图习题集(非机类)/唐树忠等主编.-修订版.-天津:天津大学出版社,1994.03 |
| 62页;8开 |
| ISBN 7-5618-0010-X:16.00元 |
| ● |
| 相关链接 |
|
|
|
正题名:机械制图习题集(非机类)
索取号:TH126-44/T977
 
预约/预借
| 序号 | 登录号 | 条形码 | 馆藏地/架位号 | 状态 | 备注 |
| 1 | 41844 | 200418440 | 自科库501/501自科库 36排4列1层/ [索取号:TH126-44/T977] | 在馆 |